| 000 | 00766nam a22002177a 4500 | ||
|---|---|---|---|
| 003 | BUBTL | ||
| 008 | 201115b xxu||||| |||| 00| 0 eng d | ||
| 020 | _a978-81-317-2877-2 | ||
| 082 | _a658.049/DAI | ||
| 100 |
_aDaniels, John D. _93818 |
||
| 245 |
_aInternational Business/Environments and Operations _bJohn D. Daniels, Lee H. Radebaugh and Daniel P. Sullivan and Prashant Salwan |
||
| 250 | _a12th | ||
| 260 |
_aNew Delhi _bPearson _cc2010 |
||
| 300 |
_a[xxxviii] , 878 p . : _bill . Graph , Table . ; 28cm. |
||
| 500 | _aIncludes Index | ||
| 650 |
_aBusiness _93819 |
||
| 700 |
_aJohn D. Daniels, Lee H. Radebaugh and Daniel P. Sullivan and Prashant Salwan _93820 |
||
| 856 |
_k0 _l0 _yDownload |
||
| 942 |
_2ddc _cBK |
||
| 999 |
_c6422 _d6422 |
||